[Event "World Junior U20 Open 2018"]
[Site "Gebze"]
[Date "2018.09.11"]
[Round "7.36"]
[White "Nyambileg, Erdene-Ochir"]
[Black "Nikolovski, Nikola"]
[Result "1/2-1/2"]
[WhiteElo "1798"]
[BlackElo "2388"]
[Annotator "NA"]
[PlyCount "95"]
[EventDate "2018.09.05"]
[EventType "swiss"]
[EventCountry "TUR"]
[SourceTitle "playchess.com"]
[Source "ChessBase"]
[SourceQuality "1"]
[TimeControl "40/5400+30:1800+30"]

1. d4 {[%emt 0:00:30]} Nf6 {[%emt 0:04:30]} 2. c4 {[%emt 0:00:00]} c5 {[%emt 0:00:30]} 3. d5 {[%emt 0:00:00]} e6 {[%emt 0:00:00]} 4. Nc3 {[%emt 0:01:30]} exd5 {[%emt 0:00:00]} 5. cxd5 {[%emt 0:00:30]} d6 {[%emt 0:00:30]} 6. e4 {[%emt 0:00:00]} g6 {[%emt 0:00:00]} 7. Nf3 {[%emt 0:00:00]} Bg7 {[%emt 0:01:00]} 8. h3 {[%emt 0:00:30]} O-O {[%emt 0:00:00]} 9. Bd3 {[%emt 0:00:00]} Nh5 {[%emt 0:02:00]} 10. O-O {[%emt 0:08:00]} Nd7 {[%emt 0:02:30]} 11. Bg5 {[%emt 0:02:30] LiveBook: 109 Games A70: Modern Benoni: 6 e4 g6 7 Nf3} Bf6 {[%emt 0:00:30]} 12. Be3 {[%emt 0:08:30]} Re8 {[%emt 0:00:30]} 13. Be2 {[%emt 0:02:30]} (13. Qd2 Ne5 14. Be2 Nxf3+ 15. Bxf3 Ng7 16. a4 Bd7 17. Nb5 Qb6 18. Bf4 Bxb5 19. axb5 {½-½ (40) Batchuluun,T (2513)-Yilmaz,M (2616) Baku 2016}) 13... Bxc3 {[%emt 0:31:30]} 14. bxc3 {[%emt 0:00:00]} Rxe4 {[%emt 0:00:30]} 15. Nd2 {[%emt 0:20:00]} Rxe3 {[%emt 0:02:30]} 16. fxe3 {[%emt 0:01:30]} Nhf6 $146 {[%emt 0:01:30]} ({Predecessor:} 16... Ng3 $11 {remains equal.} 17. Rf3 {1-0 (44) Barseghyan,H (2442)-Poignot,Q (2246) Asnieres-sur-Seine 2017}) 17. e4 {[%emt 0:02:30]} Qe7 {[%emt 0:02:30]} 18. Qc2 {[%emt 0:04:30]} Ne5 {[%emt 0:02:30]} 19. Rf2 {[%emt 0:02:30]} b6 {[%emt 0:14:30]} 20. Raf1 {[%emt 0:02:30]} Nfd7 {[%emt 0:00:30]} 21. Rf4 {[%emt 0:16:30]} Bb7 {[%emt 0:06:30]} 22. Bb5 {[%emt 0:02:30]} Rf8 {[%emt 0:05:30]} 23. c4 {[%emt 0:04:30]} Nb8 {[%emt 0:02:31]} 24. Nf3 {[%emt 0:02:52]} Ned7 {[%emt 0:08:05]} 25. h4 {[%emt 0:01:12]} Bc8 {[%emt 0:00:24]} 26. h5 {[%emt 0:02:27]} g5 {[%emt 0:01:52]} 27. Rf5 {[%emt 0:04:42]} h6 {[%emt 0:00:07]} 28. Qd2 {[%emt 0:01:56]} f6 {[%emt 0:04:14]} 29. Qd3 {[%emt 0:05:25]} Ne5 {[%emt 0:04:48]} 30. Nxe5 {[%emt 0:00:27]} Bxf5 {[%emt 0:00:07]} 31. Rxf5 {[%emt 0:00:25]} dxe5 {[%emt 0:02:06]} 32. Rf2 {[%emt 0:01:34]} Nd7 {[%emt 0:00:59]} 33. Qh3 {[%emt 0:01:03]} Rf7 {[%emt 0:00:26]} 34. Qf5 {[%emt 0:00:10]} Nf8 {[%emt 0:00:18]} 35. Qc8 {[%emt 0:01:01]} Qd6 {[%emt 0:00:35]} 36. Be8 {[%emt 0:00:23]} Rc7 {[%emt 0:00:53]} 37. Qf5 {[%emt 0:01:07]} Kg7 {[%emt 0:00:14]} 38. Rf3 {[%emt 0:00:37]} Re7 {[%emt 0:00:29]} 39. Bc6 {[%emt 0:00:36]} Rc7 {[%emt 0:00:12]} 40. Ra3 {[%emt 0:00:00]} Qe7 {[%emt 0:00:00]} 41. Rb3 {[%emt 0:02:03]} Qd8 {[%emt 0:11:10]} 42. a4 {[%emt 0:04:30]} Kf7 {[%emt 0:01:37]} 43. Rb5 {[%emt 0:04:30]} Rc8 {[%emt 0:03:19]} 44. Qh3 {[%emt 0:02:30]} ({Besser ist} 44. a5 $1 $16) 44... a5 {[%emt 0:02:50]} 45. Rxb6 {[%emt 0:03:27]} (45. Qb3 $14) 45... Qxb6 {[%emt 0:01:31]} 46. Qxc8 {[%emt 0:00:04]} Qb1+ {[%emt 0:00:00]} 47. Kh2 {[%emt 0:01:04]} Qxe4 {[%emt 0:00:33]} 48. Qe8+ $11 {[%emt 0:02:58]} 1/2-1/2

[Event "World Junior U20 Open 2018"]
[Site "Gebze"]
[Date "2018.09.11"]
[Round "7.37"]
[White "Sevgi, Volkan"]
[Black "Martirosyan, Haik M"]
[Result "0-1"]
[WhiteElo "2323"]
[BlackElo "2597"]
[Annotator "TA"]
[PlyCount "67"]
[EventDate "2018.09.05"]
[EventType "swiss"]
[EventCountry "TUR"]
[SourceTitle "playchess.com"]
[Source "ChessBase"]
[SourceQuality "1"]

{[%evp 21,67,31,28,10,21,18,13,18,58,12,27,-12,0,-18,-11,-10,-16,-94,-89,-113,-100,-113,-87,-99,-47,-35,-41,-159,-158,-166,-168,-174,-175,-159,-161,-276,-151,-173,-172,-152,-129,-143,-131,-145,-68,-1062,-1053,-1040]} 1. Nf3 Nf6 2. g3 d6 3. d4 g6 4. Bg2 Bg7 5. O-O O-O 6. c4 Nc6 7. Nc3 a6 8. Re1 Rb8 9. Rb1 Bf5 10. e4 {E63: Königsindisch (6...Sc6)} Bg4 11. Be3 Nd7 {LiveBook: 36 Partien} (11... Qc8 12. Rc1 Re8 13. Qd3 Bxf3 14. Bxf3 Ng4 15. Bxg4 Qxg4 16. Kg2 Qd7 17. a3 e6 {½-½ (25) Erdos,V (2614)-Iljiushenok,I (2489) Minsk 2017}) 12. h3 {Weiß hat minimalen Vorteil.} Bxf3 $1 13. Bxf3 e5 14. d5 Ne7 15. g4 $146 ({Vorgänger:} 15. b4 Kh8 16. c5 f5 17. Kg2 f4 {1-0 (47) Pozo Vera,S (2451)-Calzetta Ruiz,M (2344) Padron 2009}) 15... f5 16. gxf5 gxf5 17. exf5 Nxf5 18. Be4 Nxe3 19. Rxe3 (19. fxe3 $11 {bleibt in der Remisbreite.} b5 20. cxb5) 19... Qh4 $1 $17 {[%cal Rh4f2]} 20. Rg3 Rf4 21. Qf1 Rxe4 22. Qg2 Rf4 ({Lieber} 22... Rxc4 $17 23. Rxg7+ Kh8) 23. Rxg7+ $15 Kh8 24. f3 {[#]} (24. Rxd7 $2 Rg8 $19) (24. Rg3 $1 $15) 24... Rxf3 $1 $17 {[%mdl 512] Und weiter mit ...Dd4+ wäre nett.} 25. Rxh7+ (25. Rxd7 {ist ein Selbstmatt.} Rg8 26. Qxg8+ Kxg8 27. Rd8+ Kf7 28. Rd7+ Ke8 29. Ne4 Qxe4 30. Rg7 Qe3+ 31. Kh2 Rxh3+ 32. Kg2 Qf3+ 33. Kg1 Rh1#) (25. Qxf3 Kxg7) 25... Qxh7 26. Qxf3 Rf8 $1 {[%cal Rf8f3]} 27. Qe3 Rf4 28. b3 (28. Re1 $142) 28... Nf6 (28... Qh5 $1 $19 29. Kg2 b5 $1 {[%mdl 512]}) 29. Rb2 Qh6 $1 30. Re2 Qg5+ 31. Kh2 {[#]} Qh5 $1 32. Kg2 {[#]} Ng4 (32... b5 $1 $17 {[%mdl 512] Und ...b4 würde nun gewinnen.} 33. Rf2 (33. cxb5 axb5) 33... Qg6+ 34. Kh1 Rh4) 33. Qa7 $2 {[%mdl 8192]} (33. Qd3 $15) 33... Qg6 $19 {( -> ...Se3+)} 34. Qg1 {Precision: Weiß = 40%, Schwarz = 67%.} 0-1

[Event "World Junior U20 Open 2018"]
[Site "Gebze"]
[Date "2018.09.11"]
[Round "7.38"]
[White "Urazayev, Arystanbek"]
[Black "Sanal, Vahap"]
[Result "0-1"]
[WhiteElo "2333"]
[BlackElo "2502"]
[Annotator "TA"]
[PlyCount "65"]
[EventDate "2018.09.05"]
[EventType "swiss"]
[EventCountry "TUR"]
[SourceTitle "playchess.com"]
[Source "ChessBase"]
[SourceQuality "1"]

{[%evp 19,65,11,8,7,21,0,0,0,0,4,35,33,32,-43,-42,-29,0,0,0,0,23,16,47,0,14,0,0,0,0,-46,-48,-44,-18,-76,-70,-165,-179,-375,-360,-478,-462,-470,-378,-455,-436,-425,-425,-538]} 1. e4 e5 2. Nf3 Nc6 3. Bb5 a6 4. Ba4 Nf6 5. O-O Nxe4 6. d4 b5 7. Bb3 d5 8. dxe5 Be6 9. Be3 Be7 10. c3 O-O 11. Re1 {C83: Open Ruy Lopez: 9 c3 Be7} (11. Nbd2 Bg4 12. Nxe4 dxe4 13. Qd5 Qxd5 14. Bxd5 exf3 15. Bxc6 fxg2 16. Rfc1 Rab8 17. a4 b4 18. cxb4 Rxb4 19. Bxg2 c5 20. Bxc5 Bxc5 21. Rxc5 Rxb2 {½-½ (37) Karjakin,S (2773)-Anand,V (2768) Saint Louis 2018}) 11... Qd7 12. Bc2 $146 ({Predecessor:} 12. Nbd2 Rad8 13. h3 b4 14. cxb4 Nxb4 15. Ba4 Qc8 16. Nb3 c5 17. a3 Nc6 18. Rc1 c4 {½-½ (36) Kevlishvili,R (2497)-Ioannidis,E (2343) Riga 2018}) 12... Bg4 13. Nbd2 {The position is equal.} Nxd2 14. Bxd2 Nd8 15. Qb1 {And now e6 would win.} g6 16. e6 ({White should play} 16. Qd1 $14) 16... Bxe6 $15 17. Ne5 Qd6 18. Bf4 {[%cal Re5g6] [#] Hoping for Nxg6.} Qb6 19. a4 Bf6 20. axb5 Qxb5 21. Ba4 Qb6 22. b4 c6 23. Be3 Qc7 24. Bd4 (24. Bf4 $5 {[%cal Re5g6]} Qb7 25. Bc2 $11) 24... Bg7 25. Qc1 Bf5 26. Qd2 {[#]} (26. Nf3 $11 {remains equal.}) 26... a5 $1 $17 27. Bb3 ({Better is} 27. Nf3 $1 $15) 27... Ne6 $19 28. Ba4 $2 (28. Nxc6 Qxc6 29. Bxg7 Nxg7 30. Bxd5) 28... axb4 {aiming for ...c5.} 29. cxb4 Nxd4 30. Qxd4 g5 31. Bxc6 Rxa1 32. Qxa1 Be4 33. Qa3 {Precision: White = 30%, Black = 57%.} 0-1

[Event "World Junior U20 Open 2018"]
[Site "Gebze"]
[Date "2018.09.11"]
[Round "7.39"]
[White "Suleymenov, Alisher"]
[Black "Asadli, Vugar"]
[Result "0-1"]
[WhiteElo "2307"]
[BlackElo "2492"]
[Annotator "TA"]
[PlyCount "62"]
[EventDate "2018.09.05"]
[EventType "swiss"]
[EventCountry "TUR"]
[SourceTitle "playchess.com"]
[Source "ChessBase"]
[SourceQuality "1"]

{[%evp 14,62,77,62,58,54,66,39,63,63,48,58,64,31,23,0,28,-27,23,26,78,0,0,0,10,0,0,6,47,0,0,-139,-139,-187,-205,-252,-243,-316,-235,-427,-421,-1094,-1090,-1095,-1085,-1039,-932,-1349,-1276,-1545,-1535]} 1. d4 Nf6 2. c4 g6 3. Nc3 Bg7 4. e4 d6 5. Be2 O-O 6. Be3 e5 7. d5 a5 8. g4 {[%cal Bg2g4,Bg4g5][%mdl 32]} Na6 {E73: King's Indian: Averbakh Variation without 6...c5} 9. g5 (9. h4 Nc5 10. f3 h5 11. g5 Nh7 12. Kd2 Bd7 13. Nh3 c6 14. Nf2 cxd5 15. exd5 f5 16. gxf6 Nxf6 17. Bxc5 dxc5 {0-1 (37) Vallejo Pons,F (2705)-Radjabov,T (2741) Palma de Mallorca 2017}) 9... Nd7 10. h4 $1 {[%cal Bh2h4,Bh4h5][%mdl 32]} Ndc5 {White is slightly better.} 11. h5 c6 12. Nf3 a4 $146 ({Predecessor:} 12... cxd5 13. cxd5 Bd7 14. Nd2 a4 15. Nc4 Qc7 16. Na3 {1-0 (40) Van Foreest,L (2477)-Elgersma,S (2189) Assen 2017}) 13. Qd2 cxd5 {aiming for ...d4.} 14. cxd5 Bd7 15. Rh4 (15. Nh4 $142 $1) 15... Qa5 16. Kf1 a3 (16... Rab8 $11) 17. Kg2 (17. bxa3 $16 gxh5 18. Rxh5) 17... axb2 $11 18. Qxb2 b5 {[%cal Bb7b5,Bb5b4][%mdl 32]} 19. a3 {[%cal Rc3b5]} Rfc8 20. Bd2 {[%cal Rc3b5]} Nc7 21. hxg6 hxg6 22. Nh2 {[#]} (22. Ra2 $11 {keeps the balance.}) 22... b4 $1 $17 {[%cal Rb4c3][%mdl 512]} 23. Nb1 (23. axb4 Qxa1) 23... Rcb8 24. Nf1 Qa4 25. Qc1 b3 {And now ...b2 would win.} 26. Qb2 $2 {[#]} (26. Bb4) 26... Nxd5 $1 $19 {[%mdl 512] Black is clearly winning.} 27. Ng3 {[#]} (27. Nc3 $142 Qd4 28. Rd1) (27. exd5 Qxh4) 27... Nf4+ $1 {[%mdl 512]} 28. Bxf4 exf4 29. Nc3 Qd4 30. e5 Bc6+ 31. f3 Qxe5 {Precision: White = 23%, Black = 52%.} 0-1

[Event "World Junior U20 Open 2018"]
[Site "Gebze"]
[Date "2018.09.11"]
[Round "7.40"]
[White "Tang, Andrew"]
[Black "Ozenir, Ekin Baris"]
[Result "1-0"]
[WhiteElo "2489"]
[BlackElo "2303"]
[Annotator "TA"]
[PlyCount "97"]
[EventDate "2018.09.05"]
[EventType "swiss"]
[EventCountry "TUR"]
[SourceTitle "playchess.com"]
[Source "ChessBase"]
[SourceQuality "1"]

{[%evp 25,97,0,0,0,0,0,0,0,2,0,0,0,0,0,0,0,0,-9,-9,-20,0,-15,73,68,57,52,75,60,60,69,122,106,158,143,140,141,189,143,238,241,237,237,474,358,456,459,444,454,591,580,530,567,520,509,795,793,749,705,671,664,659,614,654,650,646,606,872,845,840,880,817,700,831,831]} 1. d4 Nf6 2. c4 e6 3. Nc3 Bb4 4. Qc2 O-O 5. Nf3 c5 6. dxc5 Na6 7. g3 Nxc5 8. Bg2 b6 9. O-O {E39: Nimzo-Indian: Classical: 4...c5 5 dxc5 0-0} Bb7 10. Nb5 Be4 11. Qd1 Nb7 12. a3 Be7 13. Bf4 Rc8 {LiveBook: 24 Games} 14. Rc1 a6 15. Nc3 Bxf3 16. Bxf3 Na5 {[#]} 17. e4 $146 Ne8 18. Be2 {[%cal Bf3e2,Be2a6,Ba6d3][%mdl 32]} Nxc4 19. Qa4 $36 {[%mdl 2048] White has the initiative.} Ned6 20. Bxd6 $1 Nxd6 21. Bxa6 Ra8 22. e5 Ne8 {[#] White must now prevent ...Nc7.} 23. Qc4 d5 (23... d6 $11 {remains equal.}) 24. Qe2 $16 Nc7 25. Bd3 Qd7 26. Rc2 (26. Qc2 {is more complex.} g6 27. Ne2 Rfc8 28. Qc6 Qxc6 29. Rxc6 Ne8 30. Rxb6 Bd8 31. Rb7) 26... Rfc8 27. h4 f5 (27... b5 $14) 28. Rfc1 Qd8 (28... g6 $142) 29. Qf3 g6 30. Ne2 Bf8 31. Rc3 Qd7 (31... Ne8 $16) 32. Nd4 $18 Bc5 33. Qf4 Ne8 $2 (33... Kf7 34. b4 Bxd4 35. Qxd4 Rab8) 34. Bb5 Qd8 35. Nxe6 {White is clearly winning.} Qe7 36. Nd4 Qd8 37. b4 Bxd4 38. Qxd4 Rxc3 39. Rxc3 Ng7 (39... Ra7 $142 40. Bxe8 Qxe8 41. Qxd5+ Kg7) 40. Bc6 Ra7 41. Bxd5+ Kh8 42. e6 h6 43. Qe5 Kh7 44. Kg2 Re7 45. Rc6 Ra7 46. Qd6 Qxd6 47. Rxd6 Rxa3 48. Rd8 {[#] Strongly threatening e7.} Ra7 49. Rd7 {Precision: White = 86%, Black = 42%.} 1-0

[Event "World Junior U20 Open 2018"]
[Site "Gebze"]
[Date "2018.09.11"]
[Round "7.41"]
[White "Garidmagnai, Byambasuren"]
[Black "Kevlishvili, Robby"]
[Result "1/2-1/2"]
[WhiteElo "2287"]
[BlackElo "2485"]
[Annotator "TA"]
[PlyCount "178"]
[EventDate "2018.09.05"]
[EventType "swiss"]
[EventCountry "TUR"]
[SourceTitle "playchess.com"]
[Source "ChessBase"]
[SourceQuality "1"]

{[%evp 27,178,9,17,9,11,-78,-77,-71,-71,-72,-76,-66,-63,-81,-81,-82,-52,-52,-52,-52,-52,-60,-56,-83,-54,-68,-52,-95,0,-60,-62,-106,-66,-72,-67,-113,-114,-119,-114,-106,-82,-88,-82,-82,-68,-145,-85,-99,-95,-114,-117,-115,-94,-102,-93,-93,-100,-98,-81,-97,-101,-133,-78,-78,-78,-78,-78,-78,-78,-104,-78,-78,-78,-78,-78,-78,-38,-38,-38,-38,-38,-38,-38,-38,-38,-49,-38,-38,-32,-78,-78,-78,-78,-78,-78,-78,-78,-78,-64,-64,-64,-64,-64,-64,-71,-78,-64,-78,-78,-78,-78,-78,-78,-78,-78,-81,-86,-78,-78,-86,-83,-96,-105,-157,-140,-141,-179,-95,-95,-95,-87,-86,-86,-86,-92,-92,-86,-98,-44,-44,-30,-30,-30,-30,-30,-29,-14,-14,-14,-20,-6,-12,-14]} 1. d4 d5 2. c4 c6 3. Nc3 Nf6 4. e3 e6 {[%cal Be7e6,Be6e5][%mdl 32]} 5. Nf3 Nbd7 6. Qc2 Bd6 7. b3 O-O 8. Be2 e5 9. cxd5 cxd5 10. Nb5 Bb4+ 11. Bd2 Bxd2+ 12. Nxd2 a6 13. dxe5 {D45: Semi-Slav: 5 e3} Nxe5 {[%cal Bd7e5,Be5d3,Bd3c1][%mdl 32]} 14. Nd4 Bg4 {LiveBook: 60 Games} 15. Bxg4 Nfxg4 16. h3 (16. O-O $11) (16. O-O Rc8 17. Qf5 g6 18. Qf4 Qe7 19. N2f3 Rc5 20. Nxe5 Nxe5 {½-½ (68) Le,Q (2739)-Sasikiran,K (2676) Ashkhabad 2017}) 16... Rc8 $17 17. Qb1 {[#]} Rc1+ $146 {[%mdl 512]} ({Predecessor:} 17... Nf6 18. O-O g6 19. N2f3 Nxf3+ 20. Nxf3 Qa5 {1-0 (67) Paikidze,N (2346)-De Filomeno,S (2250) Biel 2010}) 18. Qxc1 Nd3+ 19. Ke2 Nxc1+ 20. Raxc1 Nf6 21. Rc2 g6 22. Rhc1 Qd6 23. Kf1 Re8 24. a4 Re7 25. Kg1 Kg7 26. N2f3 Ne4 27. Nd2 Nf6 28. N2f3 $1 Ne8 29. Nh4 Qf6 (29... Kf6 {seems wilder.} 30. Nhf3 Rc7 31. g4 Rxc2 32. Rxc2 Nc7) 30. Nhf3 Qb6 31. Ne1 Rc7 32. Nd3 Rxc2 33. Rxc2 Nf6 34. Nf4 Qa5 35. Nd3 Ne4 36. f3 ({White should try} 36. g4 $15) 36... Nf6 (36... Ng3 $142 37. Kf2 Nf5 38. Nxf5+ gxf5) 37. Kf2 h5 38. Nc5 Qb6 39. h4 Ne8 40. Nd3 Qd8 41. g3 Qd7 42. Nf4 Kh6 43. Kg2 Nc7 44. Rd2 b5 (44... Qe7 $142 45. Rd3 Qc5) 45. axb5 Nxb5 46. Nfe2 Qe7 47. Kf2 Qc5 48. Nxb5 Qxb5 {[%mdl 4096] Endgame KQ-KRN} 49. Ra2 Kg7 50. Nd4 Qd3 51. Rc2 Qd1 52. Ra2 Qh1 {Strongly threatening ...Qh2+.} 53. Ne2 Qh2+ 54. Kf1 Qh3+ 55. Kf2 Qc8 56. Nd4 Kh6 57. Ra5 Qb7 58. Rc5 Qb4 59. Rc2 Qa3 60. Rc7 Qb2+ 61. Rc2 Qb1 62. Rc7 Qh1 {...Qh2+ is the strong threat.} 63. Ne2 Kg7 {Threatens to win with ...g5!} 64. Rc5 Qd1 65. Ra5 Qd3 66. Ra2 Kh6 67. Nd4 {[#]} a5 $1 {[%mdl 512]} 68. Rc2 (68. Rxa5 Qd2+) 68... Qd1 69. f4 Kg7 70. Ra2 Kf6 71. Rc2 Qh1 72. Rc6+ Kg7 73. Nf3 Qd1 74. Nd4 Qd2+ 75. Kf3 (75. Ne2 $142) 75... Qe1 {[%cal Re1f1]} 76. Rc2 Qf1+ 77. Rf2 Qh1+ 78. Rg2 f6 79. Kf2 Qd1 80. Rg1 Qd2+ 81. Kf3 Kf7 82. Ra1 Qd3 (82... Ke8 $17 83. Rb1 Kd7) 83. Kf2 $15 {[#]} g5 $1 {[%mdl 512]} 84. hxg5 (84. fxg5 fxg5) 84... fxg5 85. fxg5 Kg6 86. Ne2 {aiming for Nf4+.} Qxb3 87. Rxa5 {The position is equal.} Kxg5 88. Ra8 Qb7 89. Rf8 Qe7 {Precision: White = 52%, Black = 57%.} 1/2-1/2

[Event "World Junior U20 Open 2018"]
[Site "Gebze"]
[Date "2018.09.11"]
[Round "7.42"]
[White "Amartuvshin, Ganzorig"]
[Black "Makhnev, Denis"]
[Result "1/2-1/2"]
[WhiteElo "2280"]
[BlackElo "2449"]
[Annotator "TA"]
[PlyCount "208"]
[EventDate "2018.09.05"]
[EventType "swiss"]
[EventCountry "TUR"]
[SourceTitle "playchess.com"]
[Source "ChessBase"]
[SourceQuality "1"]

{[%evp 9,207,19,40,31,52,51,106,93,106,92,101,112,87,91,74,74,110,69,73,69,67,56,56,41,58,25,57,48,53,50,53,52,52,52,56,57,58,46,45,45,37,-60,-63,-49,-36,-31,-19,-49,-45,-89,-81,-81,-81,-80,-81,-90,-86,-81,-83,-90,-85,-83,-85,-102,-82,-80,-43,-37,-48,-60,0,-59,-27,-48,1048,-48,-48,-48,-48,-61,-60,-60,-59,-59,-59,-56,-54,-73,-36,-77,-68,-75,-75,-84,-84,-110,-84,-96,-87,-93,-36,-41,-31,-30,-30,-30,-33,-35,-35,-35,-35,-47,-8,-8,-8,-56,-56,-73,-73,-73,-73,-73,-73,-81,-81,-81,-81,-81,-81,-81,-81,-83,-74,-83,-73,-73,-73,-73,-73,-73,-73,-73,-73,-73,-58,-73,-73,-73,-8,-8,-8,-8,-8,-8,-8,-8,-8,-8,-8,-8,-8,-8,-8,-8,-8,-8,-8,-8,-8,-8,-8,-8,-8,-8,-8,-8,-8,-8,-8,-8,-8,-8,0,-8,0,-8,0,-8,0,-8,-8,-8,-8,-8,0,-8,-8,-8,0,0]} 1. d4 d5 2. c4 Nc6 3. Nc3 dxc4 4. Nf3 Nf6 5. Bg5 h6 6. Bh4 {D07: Queen's Gambit: Chigorin Defence} (6. Bxf6 exf6 7. e3 Bd6 8. Bxc4 O-O 9. Qc2 Ne7 10. O-O c6 11. h3 Bf5 12. e4 Bg6 13. a4 a5 14. Rad1 Qb6 15. Rfe1 Rad8 16. Ba2 Bb4 {0-1 (24) Carlsen,M (2801)-Ivanchuk,V (2739) Moscow 2009}) 6... Bg4 7. d5 Bxf3 (7... Na5 $14) 8. gxf3 $16 {White is better.} Ne5 9. Bg3 $146 ({Predecessor:} 9. Qd4 Ng6 10. Bxf6 exf6 11. Qxc4 Qd7 12. O-O-O O-O-O 13. f4 f5 {1-0 (35) Hucks,L-Dammkoehler,G IECG email 1995}) 9... Ned7 10. e4 Nh5 11. f4 Nxg3 12. hxg3 c6 13. dxc6 bxc6 14. Bxc4 e6 15. O-O Be7 16. Qf3 Qb6 17. Rad1 Rd8 18. e5 O-O 19. b3 Qc7 20. Kg2 Nb6 21. Bd3 Nd5 22. Nxd5 Rxd5 23. Qe4 {[%csl Gd3][%cal Re4h7] [#]} g6 24. Bc4 Rxd1 25. Bxe6 (25. Rxd1 $14 Kg7 26. g4) 25... Kg7 $15 ({Stronger than} 25... Rxf1 26. Qxg6+ Kh8 27. Qxh6+ Kg8 28. Bf5 Rxf2+ 29. Kg1 Rg2+ 30. Kxg2 Re8 31. Qh7+ Kf8 32. Qh8#) 26. Bxf7 $1 Kxf7 27. Rxd1 Rd8 28. Rc1 c5 29. f5 Rd4 30. fxg6+ Kg7 31. Qf3 {Threatening mate with Qf7+.} Kxg6 32. e6 {aiming for Qf7+.} Bf6 33. Re1 Qd6 34. Qa8 Qe7 35. Qf3 h5 36. Re3 a5 37. Qe2 h4 38. Qc2+ $1 Kh6 39. Qf5 Kg7 ({Better is} 39... Bg5 $15 40. f4 Qb7+ 41. Kg1 Rd1+ 42. Kf2 Be7) 40. gxh4 (40. Kf1 $11) 40... Bxh4 41. Rf3 Qg5+ $2 {[%mdl 8192] [#]} (41... Qf6 $15 42. Kh3 Bg5) 42. Qxg5+ $2 ({White must play} 42. Rg3 $1 $18 {[%cal Rg3g5][%mdl 512]} Kh6 (42... Bxg3 43. Qxg5+) 43. Rxg5 Bxg5 44. Qf8+ Kh7 45. Qf7+ Kh6 46. Qf8+ Kh7 47. Qf7+ Kh6 48. Qf8+) 42... Bxg5 $18 {[%mdl 4096] Endgame KRB-KR} 43. Rf5 Bd8 44. Rxc5 Kf6 45. Rc6 Be7 {Strongly threatening ...Rd2.} 46. Ra6 $1 Rd5 47. Kf3 Kf5 48. Ke3 Bb4 49. f3 Bc5+ 50. Ke2 Be7 51. Ra8 Kxe6 {Hoping for ...Kf5.} 52. Ke3 Kf5 {...Bg5+ is the strong threat.} 53. f4 Bb4 54. Rh8 Rd1 (54... Bd6 $17 55. Rh5+ Ke6 56. Rh6+ Kd7) 55. Rh5+ Kg6 56. Rg5+ $1 Kf6 {And now ...Ra1 would win.} 57. a3 $1 {[%cal Ra3b4]} Bc3 58. b4 axb4 59. axb4 Bxb4 60. Rb5 Bd6 61. Ke2 Rd4 62. Rb2 Bxf4 63. Kf1 Kf5 64. Rb5+ Ke4 65. Rb2 Be3 66. Rg2 Rd1+ 67. Ke2 Rc1 68. Rg4+ Bf4 69. Rg2 Ra1 70. Rf2 Bg3 71. Rg2 Ra3 72. Kd1 Bf4 73. Re2+ Kf3 74. Rb2 Rc3 {[%csl Gf4][%cal Rc3c1]} 75. Rf2+ Ke4 76. Rc2 Rh3 77. Re2+ Be3 78. Rc2 Kf3 (78... Kd3 $17 {[%cal Rh3h1]} 79. Rd2+ Ke4) 79. Rb2 $1 $11 {The position is equal.} Rh8 80. Kc2 $1 Ke4 81. Rb7 Rh2+ 82. Kb3 Kd3 83. Ka4 Rh5 (83... Rh6 {feels hotter.} 84. Rb3+ Kc4 85. Rb4+ Kd5 86. Rb5+ Ke4) 84. Rb3+ Kd4 85. Rb4+ Kd5 86. Rb5+ Bc5 87. Rb3 Rh8 88. Kb5 Ra8 89. Rd3+ Bd4 90. Rb3 $1 Ra1 91. Rb4 Bc3 92. Rb3 Rc1 93. Ka6 Bd4 94. Rb5+ Bc5 95. Rb7 Bd4 96. Kb5 Rc5+ 97. Ka4 Rc1 98. Kb5 Bc5 99. Rd7+ Bd6 {White must now prevent ...Rb1+.} 100. Rb7 Bc7 101. Ka4 Kc6 102. Rb3 Bd6 {( -> ...Ra1+)} 103. Rb2 Rc3 {[%csl Gd6][%cal Rc3a3]} 104. Rb6+ Kxb6 $2 {[%mdl 8192] Precision: White = 66%, Black = 57%.} (104... Kc7 105. Rb3 Rc4+ 106. Kb5 Rc5+ 107. Kb4 Rc2+ 108. Kb5 Rc5+ 109. Ka6 Rc4) 1/2-1/2